000 01005cam a22001934a 4500
005 20250605164330.0
008 250528s ||||||||||||||||||||||||d
035 _a23205
020 _a9783319271668
040 _aGR-AtMCL
_bgre
_dGR-AtMCL
_eAACR2
245 1 _aResearch Methodology
260 _bSpringer,
_c2016
300 _a334
520 _aThis book is an in-depth guide to effective scientific research. Ranging from the philosophical to the practical, it explains at the outset what science can - and can't - achieve, and discusses its relationship to mathematics and laws. Introduction, Science, Hypotheses and Theories and Laws, Scientific Statements: Their Justification and Acceptance, Measurement, Experimentation, Scientific Method and the Design of Research, Uncertainty and Probability and Statistics in Research, Research, Ethics and Responsibility in Scientific Research, References, Index.
700 1 _aPruzan Peter
_98785
942 _cBK
999 _c8235
_d8235